000 00342nam a2200133 i 4500
001 bg
100 1 _aLEINWEBER, Paul
245 0 _aGewide :
_bnormen, berechnung, fertigung,toleranzen, messen... /
_cPaul Leinweber.
260 _aBerlin,
_c1951.
040 _cBPK
041 _apol
942 _cKS
008 s pl f |000 0 pol
999 _c15972
_d15972
856 _uhttp://koha.tu.koszalin.pl/cgi-bin/koha/opac-detail.pl?biblionumber=15972
_yKatalog online BPK